A Handbook of pottery Glazes/ (Record no. 32016)

MARC details
000 -LEADER
fixed length control field 01199nam a2200373 a 4500
001 - CONTROL NUMBER
control field vtls000028101
003 - CONTROL NUMBER IDENTIFIER
control field NLI
005 - DATE AND TIME OF LATEST TRANSACTION
control field 20210601183103.0
008 - FIXED-LENGTH DATA ELEMENTS--GENERAL INFORMATION
fixed length control field 101125s1978 enka f 001 0 eng
020 ## - INTERNATIONAL STANDARD BOOK NUMBER
International Standard Book Number 0571102182
Terms of availability £ 10.00
039 #9 - LEVEL OF BIBLIOGRAPHIC CONTROL AND CODING DETAIL [OBSOLETE]
-- 201011250230
-- VLOAD
040 0# - CATALOGING SOURCE
Original cataloging agency NLI
Language of cataloging eng
Transcribing agency VERGIS-2003
041 0# - LANGUAGE CODE
Language code of text/sound track or separate title eng
044 ## - COUNTRY OF PUBLISHING/PRODUCING ENTITY CODE
MARC country code enk
082 04 - DEWEY DECIMAL CLASSIFICATION NUMBER
Classification number 738.12
100 1# - MAIN ENTRY--PERSONAL NAME
Personal name Green, David
9 (RLIN) 85637
245 12 - TITLE STATEMENT
Title A Handbook of pottery Glazes/
Statement of responsibility, etc. David Green
260 ## - PUBLICATION, DISTRIBUTION, ETC.
Place of publication, distribution, etc. London:
Name of publisher, distributor, etc. Faber and Faber,
Date of publication, distribution, etc. c1978
300 ## - PHYSICAL DESCRIPTION
Extent 277 p.:
Other physical details ill.;
Dimensions 24 cm.
504 ## - BIBLIOGRAPHY, ETC. NOTE
Bibliography, etc. note Includes bibliographical references and index
650 #0 - SUBJECT ADDED ENTRY--TOPICAL TERM
Topical term or geographic name entry element Glazes
Form subdivision Handbooks, manuals, etc.
9 (RLIN) 85638
650 #0 - SUBJECT ADDED ENTRY--TOPICAL TERM
Topical term or geographic name entry element Pottery
Form subdivision Handbooks, manuals, etc.
9 (RLIN) 85639
650 #0 - SUBJECT ADDED ENTRY--TOPICAL TERM
Topical term or geographic name entry element Ceramics
Form subdivision Handbooks, manuals, etc.
9 (RLIN) 85640
887 ## - NON-MARC INFORMATION FIELD
Content of non-MARC field S.Muthiah
901 ## - LOCAL DATA ELEMENT A, LDA (RLIN)
a 453612
b 21/09/1979
902 ## - LOCAL DATA ELEMENT B, LDB (RLIN)
a E 738.12 G 821
903 ## - LOCAL DATA ELEMENT C, LDC (RLIN)
a 25/03/2004
904 ## - LOCAL DATA ELEMENT D, LDD (RLIN)
a S.Muthiah
906 ## - LOCAL DATA ELEMENT F, LDF (RLIN)
a 028947
949 ## - LOCAL PROCESSING INFORMATION (OCLC)
-- VIRTUAITEM
-- 10000
-- 1
-- 100
6 PUR000453612ENG
a E 738.12 G821
942 ## - ADDED ENTRY ELEMENTS (KOHA)
Source of classification or shelving scheme Dewey Decimal Classification
Koha item type Books
Holdings
Withdrawn status Lost status Damaged status Not for loan Collection code Home library Current library Shelving location Date acquired Total Checkouts Full call number Barcode Date last seen Price effective from Koha item type
        New English National Library of India National Library of India New English - Main Stack Division     E 738.12 G 821 PUR000453612ENG 01/06/2021 01/06/2021 Books
                                                                           
web counter

Copyright ©2020 The National Library of India, Govt. of India ↔ Hosted by NVLI, MOC ↔ Technology and Design by National Library of India, Ministry of Culture, Govt. of India